[Event "Belgrade Vucicevic Memorial"]
[Site "Belgrade"]
[Date "2022.11.11"]
[Round "1"]
[White "Indjic, Aleksandar"]
[Black "Pavicevic, Jovan R"]
[Result "1-0"]
[WhiteElo "2631"]
[BlackElo "2130"]
[PlyCount "48"]
[EventDate "2022.11.11"]
[EventType "swiss (blitz)"]
[EventRounds "13"]
[EventCountry "SRB"]
[SourceTitle "EXT 2024"]
[Source "ChessBase"]
[SourceDate "2023.10.10"]
[SourceVersion "1"]
[SourceVersionDate "2023.10.10"]
[SourceQuality "1"]

1. Nf3 d5 2. e3 c5 3. c4 Nf6 4. cxd5 Nxd5 5. Nc3 e6 6. Bc4 Be7 7. 0-0 0-0 8. Qe2 b6 9. d4 cxd4 10. exd4 Bb7 11. Ne4 Nd7 12. Rd1 N7f6 13. Ng3 Rc8 14. Ne5 Qc7 15. Bb3 Nd7 16. Bd2 Nxe5 17. dxe5 Qb8 18. Nh5 g6 19. Bxd5 Bxd5 20. Nf6+ Kg7 21. Qe3 Bxf6 22. exf6+ Kxf6 23. Bc3+ Ke7 24. Rxd5 Ke8 1-0

[Event "Belgrade-chT2 Quality"]
[Site "Belgrade"]
[Date "2022.10.30"]
[Round "7.2"]
[White "Popovic, Predrag V"]
[Black "Pavicevic, Jovan R"]
[Result "1/2-1/2"]
[WhiteElo "2127"]
[BlackElo "2051"]
[PlyCount "30"]
[EventDate "2022.10.15"]
[EventType "team-tourn"]
[EventRounds "13"]
[EventCountry "SRB"]
[SourceTitle "EXT 2024"]
[Source "ChessBase"]
[SourceDate "2023.10.10"]
[SourceVersion "1"]
[SourceVersionDate "2023.10.10"]
[SourceQuality "1"]
[WhiteTeam "Batajnica"]
[BlackTeam "Lazarevac Kolubara"]
[WhiteTeamCountry "SRB"]
[BlackTeamCountry "SRB"]

1. c4 e5 2. Nc3 Nc6 3. g3 d6 4. Bg2 Be6 5. b3 Qd7 6. Bb2 g6 7. Nd5 Bg7 8. Nf4 Nge7 9. Nxe6 Qxe6 10. Nf3 0-0 11. d4 exd4 12. Nxd4 Nxd4 13. Bxd4 c6 14. 0-0 Bxd4 15. Qxd4 Qxe2 1/2-1/2

[Event "Belgrade Trophy 35th"]
[Site "Belgrade"]
[Date "2021.12.01"]
[Round "8"]
[White "Chelushkina, Irina"]
[Black "Pavicevic, Jovan R"]
[Result "1-0"]
[WhiteElo "2192"]
[BlackElo "1787"]
[PlyCount "89"]
[EventDate "2021.11.24"]
[EventType "swiss"]
[EventRounds "9"]
[EventCountry "SRB"]
[SourceTitle "EXT 2023"]
[Source "ChessBase"]
[SourceDate "2022.10.05"]
[SourceVersion "1"]
[SourceVersionDate "2022.10.05"]
[SourceQuality "1"]

1. g3 Nf6 2. Bg2 d5 3. Nf3 e6 4. 0-0 Bd6 5. d3 Nbd7 6. Nc3 0-0 7. e4 dxe4 8. dxe4 e5 9. Nh4 Re8 10. Nf5 Bf8 11. Bg5 h6 12. Be3 Nb6 13. Qe2 c6 14. Rfd1 Qc7 15. Qf3 Bxf5 16. Qxf5 Qc8 17. Qf3 Qg4 18. b3 Qxf3 19. Bxf3 Rad8 20. a4 Nbd7 21. Bxa7 b6 22. a5 Bb4 23. Na2 Bxa5 24. b4 Ra8 25. bxa5 Rxa7 26. axb6 Nxb6 27. Nb4 Rxa1 28. Rxa1 c5 29. Nc6 Kf8 30. Ra5 Rc8 31. Nxe5 Rc7 32. Rb5 Na4 33. Nc4 Nc3 34. Rb8+ Ke7 35. Rb3 Na2 36. Ne3 Ke6 37. Rb6+ Ke5 38. Nc4+ Kd4 39. Nd6 Nc3 40. Rb3 Rd7 41. Nf5+ Kc4 42. e5 Nfe4 43. Ne3+ Kd4 44. Bxe4 c4 45. Rb7 1-0

[Event "Belgrade Trophy 35th"]
[Site "Belgrade"]
[Date "2021.11.28"]
[Round "5"]
[White "Pein, Jonathan"]
[Black "Pavicevic, Jovan R"]
[Result "1-0"]
[WhiteElo "2218"]
[BlackElo "1787"]
[PlyCount "61"]
[EventDate "2021.11.24"]
[EventType "swiss"]
[EventRounds "9"]
[EventCountry "SRB"]
[SourceTitle "CBM 205 Extra"]
[Source "ChessBase"]
[SourceDate "2022.01.31"]
[SourceVersion "1"]
[SourceVersionDate "2022.01.31"]
[SourceQuality "1"]

1. e4 e6 2. d4 d5 3. Bd3 c5 4. exd5 exd5 5. Nf3 Bd6 6. 0-0 Ne7 7. dxc5 Bxc5 8. a3 f6 9. Re1 Nbc6 10. b4 Bb6 11. b5 Nd4 12. Nxd4 Bxd4 13. Qh5+ Kf8 14. c3 Bc5 15. Nd2 g6 16. Qh6+ Kf7 17. Nb3 Bd6 18. Nd4 Qf8 19. Qh4 Bd7 20. a4 h5 21. f4 Bc5 22. Kh1 Bxd4 23. cxd4 Qg7 24. Ba3 Rhe8 25. Qg3 Nf5 26. Qf3 Be6 27. Rxe6 Rxe6 28. Qxd5 Rae8 29. Re1 Nxd4 30. Bc4 f5 31. Qd7+ 1-0

[Event "Belgrade Trophy 35th"]
[Site "Belgrade"]
[Date "2021.11.25"]
[Round "2"]
[White "Vujovic, Vera"]
[Black "Pavicevic, Jovan R"]
[Result "0-1"]
[WhiteElo "1261"]
[BlackElo "1787"]
[PlyCount "118"]
[EventDate "2021.11.24"]
[EventType "swiss"]
[EventRounds "9"]
[EventCountry "SRB"]
[SourceTitle "CBM 205 Extra"]
[Source "ChessBase"]
[SourceDate "2022.01.31"]
[SourceVersion "1"]
[SourceVersionDate "2022.01.31"]
[SourceQuality "1"]

1. e4 e6 2. d4 d5 3. exd5 exd5 4. c4 dxc4 5. Bxc4 Bd6 6. Nf3 Nf6 7. Qe2+ Qe7 8. Qxe7+ Bxe7 9. 0-0 0-0 10. Re1 Bd6 11. Bg5 Nbd7 12. Nc3 c6 13. Rad1 Nb6 14. Bb3 Bg4 15. Bxf6 Bxf3 16. Bxg7 Bxd1 17. Bxf8 Bxh2+ 18. Kxh2 Bxb3 19. Bh6 Be6 20. Re5 Kh8 21. Kg3 Rg8+ 22. Rg5 Rg6 23. Rxg6 hxg6 24. b3 Bd5 25. f3 f6 26. Ne4 Bxe4 27. fxe4 Nd7 28. Bd2 Kg7 29. Kf4 Kf7 30. g4 Ke6 31. b4 Nb6 32. Bc3 a6 33. g5 f5 34. exf5+ gxf5 35. Bd2 Nd5+ 36. Kg3 Kf7 37. Kh4 Kg6 38. a3 Nc7 39. Kg3 Ne6 40. Be3 Kh5 41. a4 b5 42. axb5 axb5 43. Kf3 Kg6 44. Kg3 Nxg5 45. Kf4 Nf7 46. d5 cxd5 47. Bd4 Ng5 48. Ke3 Ne6 49. Be5 Kg5 50. Kf3 f4 51. Bc3 Kf5 52. Bb2 Ng5+ 53. Kf2 Ke4 54. Ke2 Ne6 55. Bc1 Nd4+ 56. Kf2 Nb3 57. Bb2 d4 58. Kf1 Kd3 59. Kf2 Kc2 0-1

[Event "Belgrade Trophy 35th"]
[Site "Belgrade"]
[Date "2021.11.24"]
[Round "1"]
[White "Pavicevic, Jovan R"]
[Black "Velickovic, Sasa"]
[Result "0-1"]
[WhiteElo "1787"]
[BlackElo "2235"]
[PlyCount "104"]
[EventDate "2021.11.24"]
[EventType "swiss"]
[EventRounds "9"]
[EventCountry "SRB"]
[SourceTitle "CBM 205 Extra"]
[Source "ChessBase"]
[SourceDate "2022.01.31"]
[SourceVersion "1"]
[SourceVersionDate "2022.01.31"]
[SourceQuality "1"]

1. e4 c5 2. Nf3 d6 3. Bb5+ Nd7 4. e5 e6 5. exd6 Bxd6 6. Nc3 Ngf6 7. 0-0 0-0 8. Re1 a6 9. Bf1 b6 10. d3 Bb7 11. Ne4 Be7 12. b3 Nxe4 13. dxe4 Nf6 14. e5 Nd5 15. Bb2 Nf4 16. Re3 Qxd1 17. Rxd1 Rfd8 18. Rxd8+ Rxd8 19. g3 Nd5 20. Rd3 Nb4 21. Rxd8+ Bxd8 22. c3 Nxa2 23. Nd2 b5 24. Bd3 Ba5 25. Nb1 Bd5 26. Bc2 c4 27. b4 Bc7 28. f4 a5 29. Na3 axb4 30. Nxb5 Bb6+ 31. Kf1 Bc6 32. Nd6 Nxc3 33. Nxc4 Bb5 34. Bb3 Na4 35. Ke1 Bxc4 36. Bxa4 Kf8 37. Kd2 Ke7 38. Bc6 h6 39. Ba4 Kd8 40. Bc6 Bg1 41. Ke1 Be3 42. Ba4 Ke7 43. Kd1 f6 44. exf6+ gxf6 45. Bc2 Kf7 46. Be4 h5 47. Bc1 Bb3+ 48. Bc2 Bxc2+ 49. Kxc2 Bxc1 50. Kxc1 Ke7 51. Kc2 Kd6 52. Kb3 Kc5 0-1